<?xml version="1.0" encoding="UTF-8"?>
<record
    xmlns:xsi="http://www.w3.org/2001/XMLSchema-instance"
    xsi:schemaLocation="http://www.loc.gov/MARC21/slim http://www.loc.gov/standards/marcxml/schema/MARC21slim.xsd"
    xmlns="http://www.loc.gov/MARC21/slim">

  <leader>02563nam a2200337 a 4500</leader>
  <controlfield tag="001">000047544</controlfield>
  <controlfield tag="003">DO-SdBNP</controlfield>
  <controlfield tag="005">20231004095102.0</controlfield>
  <controlfield tag="008">090630s2008    dr      r     000 0 spa d</controlfield>
  <datafield tag="020" ind1=" " ind2=" ">
    <subfield code="a">9789945443332</subfield>
  </datafield>
  <datafield tag="040" ind1=" " ind2=" ">
    <subfield code="a">DO-SdBNP</subfield>
    <subfield code="b">spa</subfield>
    <subfield code="c">BNPHU</subfield>
  </datafield>
  <datafield tag="082" ind1=" " ind2=" ">
    <subfield code="a">330.97293</subfield>
    <subfield code="b">C744n, 2007</subfield>
    <subfield code="2">22</subfield>
  </datafield>
  <datafield tag="111" ind1=" " ind2=" ">
    <subfield code="a">Concurso Biblioteca Juan Pablo Duarte</subfield>
    <subfield code="9">6999</subfield>
  </datafield>
  <datafield tag="245" ind1="1" ind2="0">
    <subfield code="a">Nueva literatura econ&#xF3;mica dominicana :</subfield>
    <subfield code="b">premios del Concurso de Econom&#xED;a Biblioteca "Juan Pablo Duarte" 2007 /</subfield>
    <subfield code="c">Frank Alexis Fuentes Brito ... [et al.] ; edici&#xF3;n Elvis Soto.</subfield>
  </datafield>
  <datafield tag="260" ind1=" " ind2=" ">
    <subfield code="a">Santo Domingo :</subfield>
    <subfield code="b">Banco Central de la Rep&#xFA;blica Dominicana,</subfield>
    <subfield code="c">2008.</subfield>
  </datafield>
  <datafield tag="300" ind1=" " ind2=" ">
    <subfield code="a">xiii, 282 p. ;</subfield>
    <subfield code="c">23 cm.</subfield>
  </datafield>
  <datafield tag="490" ind1="1" ind2=" ">
    <subfield code="a">Banco Central de la Rep&#xFA;blica Dominicana ;</subfield>
    <subfield code="v">108</subfield>
    <subfield code="a">Nueva literatura econ&#xF3;mica dominicana ;</subfield>
    <subfield code="v">11</subfield>
  </datafield>
  <datafield tag="500" ind1=" " ind2=" ">
    <subfield code="a">Incluye referencias bibliogr&#xE1;ficas y notas al pie de las p&#xE1;ginas</subfield>
  </datafield>
  <datafield tag="505" ind1="0" ind2=" ">
    <subfield code="a">Palabras del Lic. Valdez Albizu --</subfield>
    <subfield code="t">Palabras de Miguel Ceara-Hatton --</subfield>
    <subfield code="g">Primera parte --</subfield>
    <subfield code="t">Impacto econ&#xF3;mico de la diabetes mellitus en la Rep&#xFA;blica Dominicana : An&#xE1;lisis y recomendaciones de pol&#xED;ticas p&#xFA;blicas /</subfield>
    <subfield code="r">Frank alexis Fuentes Brito, Brenda Mercedes Villanueva Rivas --</subfield>
    <subfield code="g">Segunda parte :</subfield>
    <subfield code="t">Impacto distributivo del DR-CAFTA : efectos sobre el empleo, el ingreso y la equidad en los sectores industrial y agropecuario en RD. /</subfield>
    <subfield code="r">Rafael Capell&#xE1;n , Jos&#xE9; Manual Michel, Luis Reyes --</subfield>
    <subfield code="g">Tercera parte :</subfield>
    <subfield code="t">Riesgos del mercado : valor en riesgo calculado con modelos de volatilidad condicional integrado de forma din&#xE1;mica con simulaci&#xF3;n de Monte Carlo /</subfield>
    <subfield code="r">Eliel D. Jim&#xE9;nez R.</subfield>
    <subfield code="g">Cuarta parte :</subfield>
    <subfield code="t">Desalineamiento cambiario y cresimiento (Primera mensi&#xF3;n de honor)/</subfield>
    <subfield code="r">Jos&#xE9; Antonio Pellerano Guzm&#xE1;n</subfield>
    <subfield code="g">Quinta parte :</subfield>
    <subfield code="t">Estimaci&#xF3;n del &#xED;ndice de condiciones monetarias para la Rep&#xFA;blica Dominicana/</subfield>
    <subfield code="r">Ana Sierra, Edgar Morales</subfield>
  </datafield>
  <datafield tag="590" ind1=" " ind2=" ">
    <subfield code="a">Inventariado, 2018/ VM</subfield>
  </datafield>
  <datafield tag="650" ind1=" " ind2="4">
    <subfield code="a">Finanzas</subfield>
    <subfield code="x">Rep&#xFA;blica dominicana</subfield>
    <subfield code="v">Congresos, conferencias, etc.</subfield>
    <subfield code="9">75161</subfield>
  </datafield>
  <datafield tag="651" ind1=" " ind2="4">
    <subfield code="a">Rep&#xFA;blica Dominicana</subfield>
    <subfield code="x">Condiciones econ&#xF3;micas</subfield>
    <subfield code="v">Congresos, conferencias, etc. </subfield>
    <subfield code="9">7000</subfield>
  </datafield>
  <datafield tag="651" ind1=" " ind2="4">
    <subfield code="a">Rep&#xFA;blica Dominicana</subfield>
    <subfield code="x">Pol&#xED;tica econ&#xF3;mica</subfield>
    <subfield code="v">Congresos, conferencias, etc. </subfield>
    <subfield code="9">7001</subfield>
  </datafield>
  <datafield tag="700" ind1="1" ind2=" ">
    <subfield code="a">Fuentes Brito, Frank Alexis</subfield>
    <subfield code="9">75162</subfield>
  </datafield>
  <datafield tag="700" ind1="1" ind2=" ">
    <subfield code="a">Soto, Elvis</subfield>
    <subfield code="e">ed.</subfield>
    <subfield code="9">12338</subfield>
  </datafield>
  <datafield tag="710" ind1="2" ind2=" ">
    <subfield code="a">Banco Central de la Rep&#xFA;blica Dominicana.</subfield>
    <subfield code="b">Departamento Cultural.</subfield>
    <subfield code="9">7006</subfield>
  </datafield>
  <datafield tag="830" ind1=" " ind2="0">
    <subfield code="a">Banco Central de la Rep&#xFA;blica Dominicana</subfield>
    <subfield code="v">108</subfield>
    <subfield code="p">Nueva literatura econ&#xF3;mica dominicana </subfield>
    <subfield code="n">11</subfield>
    <subfield code="9">75163</subfield>
  </datafield>
  <datafield tag="910" ind1=" " ind2=" ">
    <subfield code="a">Validado. Control de calidad MFF</subfield>
  </datafield>
  <datafield tag="942" ind1=" " ind2=" ">
    <subfield code="2">ddc</subfield>
    <subfield code="c">LBS1</subfield>
  </datafield>
  <datafield tag="952" ind1=" " ind2=" ">
    <subfield code="0">0</subfield>
    <subfield code="1">0</subfield>
    <subfield code="7">1</subfield>
    <subfield code="8">PD</subfield>
    <subfield code="a">PD</subfield>
    <subfield code="b">PD</subfield>
    <subfield code="c">HD</subfield>
    <subfield code="d">2018-06-26</subfield>
    <subfield code="i">LF1</subfield>
    <subfield code="l">0</subfield>
    <subfield code="o">330.97293 C744n, 2007</subfield>
    <subfield code="p">47544-10</subfield>
    <subfield code="r">2020-06-25</subfield>
    <subfield code="t">e. 2</subfield>
    <subfield code="w">2020-06-25</subfield>
    <subfield code="y">LFPD</subfield>
    <subfield code="Z">No se presta</subfield>
  </datafield>
  <datafield tag="952" ind1=" " ind2=" ">
    <subfield code="0">0</subfield>
    <subfield code="1">0</subfield>
    <subfield code="7">1</subfield>
    <subfield code="8">PD</subfield>
    <subfield code="a">PD</subfield>
    <subfield code="b">PD</subfield>
    <subfield code="c">HD</subfield>
    <subfield code="d">2018-06-26</subfield>
    <subfield code="i">LF1</subfield>
    <subfield code="l">0</subfield>
    <subfield code="o">330.97293 C744n, 2007</subfield>
    <subfield code="p">47544-20</subfield>
    <subfield code="r">2020-06-25</subfield>
    <subfield code="w">2020-06-25</subfield>
    <subfield code="y">LFPD</subfield>
    <subfield code="Z">No se presta</subfield>
  </datafield>
  <datafield tag="999" ind1=" " ind2=" ">
    <subfield code="c">47032</subfield>
    <subfield code="d">47032</subfield>
  </datafield>
</record>
